Creative problem solving

Bibliographic Details
Main Authors: Cinnamon, Kenneth M. (Author, Editor), Silverman, Richard (Author)
Other Authors: Cramer, Kathryn D. (Contributor), Forbess-Greene, Sue (Contributor), Matulef, Norman J. (Editor)
Format: Book
Language:English
Published: San Diego, CA : Applied Skills Press 1979
Series:Applies skills training series
Subjects:

MARC

LEADER 00000cam a2200000 7i4500
001 0000000921
005 20240912.0
008 240429 cau eng
020 |a 0898890012 (hardback) 
040 |a INS   |b eng   |e rda 
090 0 0 |a RHD30.29   |b .C56 1979 
100 1 |a Cinnamon, Kenneth M. ,   |e author 
245 1 0 |a Creative problem solving   |c Editors Kenneth M. Cinnamon, Norman J. Matulef   |f Authors Kenneth M. Cinnamon, Richard Silverman   |f Special contributors Sue Forbess-Greene, Kathryn D. Cramer 
264 1 |a San Diego, CA :   |b Applied Skills Press   |c 1979 
264 4 |c ©1979 
300 |a vi, 155 pages ;   |c 30 cm. 
336 |a text  |2 rdacontent 
337 |a unmediated  |2 rdamedia 
338 |a volume  |2 rdacarrier 
490 0 |a Applies skills training series 
500 |a Volume 2 
650 0 |a Creative ability 
650 0 |a Creative Thinking   |x education 
700 1 |a Cinnamon, Kenneth M. ,   |e editor 
700 1 |a Cramer, Kathryn D. ,   |e contributor 
700 1 |a Forbess-Greene, Sue ,   |e contributor 
700 1 |a Matulef, Norman J. ,   |e editor 
700 1 |a Silverman, Richard ,   |e author 
999 |a 0000001369   |b BOOK   |c Red Spot   |e Default branch